00350nam a22000977a 4500008004100000020001500041082002000056245015100076260001700227300000800244230629b xxu||||| |||| 00| 0 eng d a9982260081 a338.9bTEK 2001 aCOMESAbPerformance of and Constraints to Zimbabwe's Manufacturing Sector in Intra-COMESA Trade: Export/Import Strategy and Technology Limitations bCOMESAc2001 a60p